| 000 | 00712nam a2200193 i 4500 | ||
|---|---|---|---|
| 001 | 70559 | ||
| 003 | ES-MaACL | ||
| 005 | 20230906170844.0 | ||
| 007 | t| | ||
| 008 | 040728s1952 sp ||||1| spa d | ||
| 100 | 1 |
_aGarcía Villegas, Pilar. _955413 |
|
| 245 | 1 | 0 |
_aProfesiones femeninas de Servicio Social : _bguía de orientación vocacional y profesional / _cpor Pilar García Villegas. |
| 260 |
_aMadrid : _bMinisterio de Trabajo, Escuela Social de Madrid, _c1952. |
||
| 300 |
_a33 p. ; _c25 cm. |
||
| 650 | 4 |
_aMujeres- _xTrabajo- _zEspaña- _yS.XX. _915321 |
|
| 650 | 4 |
_aOrientación profesional para mujeres- _zEspaña. _9156165 |
|
| 710 | 2 |
_aEscuela Social de Madrid. _93593 |
|
| 852 |
_aES-MaACL _j1950-F-23 |
||
| 999 |
_c70559 _d70559 |
||